• 首页
  • 本馆介绍
  • 公告通知
  • 最新文献
  • 馆藏检索
  • 电子资源
  • 读者导购
  • 参考咨询
  • 我的图书馆
  • 登录
  • 详细信息显示
  • 放入我的书架
  • 预约/预借图书
  • 作者相关作品
  • 分类相关作品
  • 丛书相关作品
  • 出版社相关作品

书目信息

  • 表格格式
  • 工作单格式
  • 卡片格式
题名:
基础化学教程
    
 
作者: 傅洵 , 许泳吉 , 解从霞 编著
分册:   无机与分析化学
出版信息: 北京   科学出版社  2012.05
页数: 452页
开本: 26cm
丛书名: 普通高等教育“十一五”国家级规划教材
单 册:
中图分类: O61 , O65
科图分类:
主题词: 无机化学--高等学校--教材 , 分析化学--高等学校--教材
电子资源:
ISBN: 978-7-03-034105-1
000 01177nam0 2200313 450
001 90
005 20161110171446.17
010    @a978-7-03-034105-1@dCNY49.00
100    @a20120514d2012 em y0chiy50 ea
101 0  @achi
102    @aCN@b110000
105    @ay z 000yy
200 1  @a基础化学教程@9ji chu hua xue jiao cheng@i无机与分析化学@f傅洵,许泳吉,解从霞编著
205    @a2版
210    @a北京@c科学出版社@d2012.05
215    @a452页@d26cm
225 2  @a普通高等教育“十一五”国家级规划教材@9pu tong gao deng jiao yu shi yi wu guo jia ji gui hua jiao cai
330    @a本书内容包括:化学热力学、动力学基础,四大化学平衡与相应的容量分析、重量分析、电位分析应用,物质结构,元素化学与简单仪器分析及应用等。
333    @a高等学校化学、应用化学、化工、生命科学、材料科学等专业师生
461  0 @12001 @a普通高等教育“十一五”国家级规划教材
606 0  @a无机化学@x高等学校@j教材
606 0  @a分析化学@x高等学校@j教材
690    @aO61@v4
690    @aO65@v4
701  0 @a傅洵@9fu xun@4编著
701  0 @a许泳吉@9xu yong ji@4编著
701  0 @a解从霞@9xie cong xia@4编著
801  0 @aCN@b大连网信软件有限公司图书馆·11@c20161110
905    @aZUCC@dO61@e173=2
    
    基础化学教程.无机与分析化学/傅洵,许泳吉,解从霞编著.-2版.-北京:科学出版社,2012.05
    452页;26cm.-(普通高等教育“十一五”国家级规划教材)
    使用对象:高等学校化学、应用化学、化工、生命科学、材料科学等专业师生
    
    ISBN 978-7-03-034105-1:CNY49.00
    本书内容包括:化学热力学、动力学基础,四大化学平衡与相应的容量分析、重量分析、电位分析应用,物质结构,元素化学与简单仪器分析及应用等。
●
相关链接 在E读中查询图书 在五车中查询图书 在当当中查询图书 在豆瓣中查询图书


正题名:基础化学教程     索取号:O61/173=2         预约/预借

序号 登录号 条形码 馆藏地/架位号 状态 备注
1 908582   209085826   第二样本阅览室/ [索取号:O61/173=2] 在馆    
2 908583   209085835   化学系资料室/ [索取号:O61/173=2] 在馆    
3 908584   209085844   第三借阅区/ [索取号:O61/173=2] 在馆    
4 908585   209085853   第三借阅区/ [索取号:O61/173=2] 在馆    
5 908586   209085862   第三借阅区/ [索取号:O61/173=2] 在馆    
唐山师范学院图书馆 欢迎您!
大连网信软件有限公司© 版权所有